Nestlé in society. Creating Shared value and meeting our commitment 2016 (Record no. 10774)

MARC details
000 -LEADER
campo de control de longitud fija 00364nam a2200133Ia 4500
001 - NÚMERO DE CONTROL
campo de control 4619
008 - DATOS DE LONGITUD FIJA--INFORMACIÓN GENERAL
campo de control de longitud fija 241024s9999 xx 000 0 und d
082 ## - NÚMERO DE LA CLASIFICACIÓN DECIMAL DEWEY
Número de clasificación 664/N468n/2016
100 ## - ENTRADA PRINCIPAL--NOMBRE DE PERSONA
Nombre de persona Nestlé
245 #0 - MENCIÓN DEL TÍTULO
Título Nestlé in society. Creating Shared value and meeting our commitment 2016
260 ## - PUBLICACIÓN, DISTRIBUCIÓN, ETC.
Nombre del editor, distribuidor, etc. Switzerland
Fecha de publicación, distribución, etc. 2016
901 ## - ELEMENTOS DE DATOS A LOCAL LDA (RLIN)
a 27/3/2017 9:04:25 a.m.

No items available.

© 2024. Todos los Derechos Reservados. Desarrollado por IDEICE